00553nam a2200193 a 45000010005000000030009000050080041000140400028000550820016000831000038000992450042001372600037001793000010002166500025002266500024002516500031002756500027003066500026003339585CO-ViMGA141112s2004 ck r 000 u spa d aCO-ViMGAbspacCO-ViMGA04a657.45 S5711 aSierra ; Guillermo, Manuel Orta, 10aTeoría de la Auditoría Financiera aMadrid : bMcGraw - Hill, c1996 a303p.14aAUDITORIA FINANCIERA14aética PROFESIONAL14aEVALUACION DE LA EVIDENCIA14aEVIDENCIA EN AUDITORIA14aPROGRAMA DE AUDITORIA